000
00320 a2200157 4500
001
191329
020
_a
978-85-16-06998-8
040
_c
Magnum
100
_a
Furnari, Eva
240
1
0
_a
Assim assado
_l
por
245
1
0
_a
Assim assado
300
_a
31
362
0
_a
2010
697
_a
LITERATURA INFANTIL
942
_c
BK
999
_c
191329
_d
191329